Projecte d'ensenyament de l'Escola Nova Unificada / Generalitat de Catalunya. Consell de l'Escola Nova Unificada
Descripción Física:
56 p., [1] f. pleg. : il. ; 21 cm
MARC
| LEADER | 00000nam a2200000Ia 4500 | ||
|---|---|---|---|
| 001 | 23511 | ||
| 008 | 160829s1976 xx 000 0 cat d | ||
| 080 | |a E-1-401 | ||
| 100 | |a Catalunya. Consell de l'Escola Nova Unificada |9 48902 | ||
| 245 | |a Projecte d'ensenyament de l'Escola Nova Unificada / Generalitat de Catalunya. Consell de l'Escola Nova Unificada | ||
| 250 | |a Ed. facsímil | ||
| 260 | |a Barcelona : |b Inst. Gràf. Oliva de Vilanova, |c 1976 | ||
| 300 | |a 56 p., [1] f. pleg. : |b il. ; |c 21 cm | ||
| 590 | |a Vè Congrés de Formació. | ||
| 590 | |a Títol a la coberta: L'Escola Nova Unificada. | ||
| 590 | |a Còpia núm. 177. | ||
| 590 | |a Facsím., Barcelona : [s.n.], 1936. | ||
| 650 | |a Escola Nova Unificada |9 48903 | ||
| 650 | |a Ensenyament |x Catalunya |x 1936 |9 48904 | ||
| 650 | |a Política educativa |x Catalunya |x 1936 I |9 48905 | ||
| 650 | |a Educació |x Catalunya |x Història |x 1976 |9 48906 | ||
| 650 | |a Currículums (Ensenyament) |x Catalunya |x 1936 |9 48907 | ||
| 901 | |a Arxiu | ||
| 942 | |n 1 | ||
| 952 | |0 0 |1 0 |4 0 |6 E1401 |7 1 |9 54953 |a Arxiu |b Arxiu |d 2012-08-06 |l 0 |o E-1-401 |p 23511 |r 2016-12-01 00:00:00 |w 2016-12-01 |y ARXIU | ||
| 999 | |c 58823 |d 58823 | ||